Starożytne cywilizacje - Statystyki

Ogólne statystyki
  • Ten quiz został rozwiązany 44 razy
  • Średni wynik to 11 z 20
Statystyki odpowiedzi
Opis Szczyt Ciwilizacja % Poprawnych
Cywilizacja rządzona przez faraonów 1425 p.n.e. Starożytny Egipt
89%
Greckie miasto-państwo słynące z dyscypliny wojskowej 371 p.n.e. Sparta
87%
Greckie miasto-państwo słynące z filozofii i demokracji 440 p.n.e. Ateny
84%
Miasto zniszczone przez Greków w „Iliadzie” 1200 p.n.e. Troja
82%
Miasto, które kiedyś kontrolowało całe Morze Śródziemne 117 Rzymian
79%
Imperium andyjskie ze stolicą w Cusco 1533 Inków
76%
Imperium założone przez Cyrusa Wielkiego na terenie współczesnego Iranu 500 p.n.e. Imperium Perskie
71%
Imperium Meksykańskie powstało z sojuszu Tenochtitlan, Texcoco i Tlacopan 1521 Azteków
68%
Miasto-państwo położone niedaleko dzisiejszego Tunisu, założone przez królową Dydonę (według legendy) 264 p.n.e. Kartagina
68%
Cywilizacja półwyspu Jukatan, która zbudowała Chichen Itza 800 Majów
68%
Pierwsza cywilizacja w Mezopotamii, której przywódcą był Sargon Wielki 2100 p.n.e. Sumerów / Akadów
66%
Kultura żeglarska Tyru, który wynalazł alfabet i mógł opłynąć Afrykę 1000 p.n.e. Fenicja
61%
Koczowniczy jeźdźcy terroryzujący Europę, prawdopodobnie pochodzenia mongolskiego 453 Hunów
61%
Kiedyś dominująca kultura w środkowych Włoszech 500 p.n.e. Etrusków
47%
Kultura, której kapłani byli znani jako druidzi 275 p.n.e. Celtowie
42%
Cywilizacja położona nad rzeką we współczesnym Pakistanie 2000 p.n.e. Indusów
39%
Możliwe, że cywilizacja matriarchalna starożytnej Krety 1700 p.n.e. Minojów
34%
Najwcześniejsza dynastia Chin, której istnienie potwierdzają dowody archeologiczne 1200 p.n.e. Dynastia Shang
16%
Społeczeństwo Mezopotamii pod wodzą Aszurbanipala słynęło z okrucieństwa 650 p.n.e. Neoasyryjczyków
0%
Cywilizacja pod wodzą Nabuchodonozora, która sprowadziła starożytny naród żydowski do niewoli 600 p.n.e. Neobabilończyków
0%
Nie znaleziono quizów pasujących do podanych kryteriów
Rozkład punktacji
Procent ludzi z każdym wynikiem
Percentyl według liczby udzielonych odpowiedzi
Twoja historia wyników
Nie rozwiązałeś tego quizu